Employee councils in European companies /

Bibliographic Details
Main Author: Kolvenbach, Walter
Corporate Author: SpringerLink (Online service)
Format: eBook
Language:English
French
Published: Deventer : Kluwer, 1978.
Subjects:
Online Access:Connect to the full text of this electronic book

MARC

Tag First Indicator Second Indicator Subfields
LEADER 00000cam a2200000Ki 4500
001 in00003513541
006 m o d
007 cr bn||||||abp
007 cr bn||||||ada
008 100318s1978 ne ob 000 0 eng d
005 20260420201336.2
019 |a 300890390 
020 |a 9781489961228 (electronic bk.) 
020 |a 1489961224 (electronic bk.) 
020 |z 9031200549 
020 |z 9789031200542 
035 |a (OCoLC)560577005  |z (OCoLC)300890390 
040 |a OCLCE  |b eng  |e pn  |c OCLCE  |d OCLCQ  |d OCLCF  |d GW5XE  |d UtOrBLW 
041 0 |a eng  |a fre 
042 |a dlr 
043 |a ew----- 
049 |a TXAM 
050 4 |a KJC2991  |b .K65 1978 
050 4 |a HD5660.E9  |b K6 
082 0 4 |a 344/.4/0189 
084 |a 85.51  |2 bcl 
100 1 |a Kolvenbach, Walter. 
245 1 0 |a Employee councils in European companies /  |c by Walter Kolvenbach. 
264 1 |a Deventer :  |b Kluwer,  |c 1978. 
300 |a 1 online resource (334 pages) 
336 |a text  |b txt  |2 rdacontent 
337 |a computer  |b c  |2 rdamedia 
338 |a online resource  |b cr  |2 rdacarrier 
500 |a Appendices include documents and legislation in English or French. 
504 |a Includes bibliographical references. 
538 |a Master and use copy. Digital master created according to Benchmark for Faithful Digital Reproductions of Monographs and Serials, Version 1. Digital Library Federation, December 2002.  |u http://purl.oclc.org/DLF/benchrepro0212  |5 MiAaHDL 
583 1 |a digitized  |c 2010  |h HathiTrust Digital Library  |l committed to preserve  |2 pda  |5 MiAaHDL 
588 |a Description based on print version record. 
500 |a Electronic resource. 
650 0 |a Works councils  |x Law and legislation  |z Europe. 
650 6 |a Comités d'entreprise  |z Europe. 
650 1 7 |a Ondernemingsraden.  |2 gtt 
650 7 |a Works councils  |x Law and legislation.  |2 fast  |0 (OCoLC)fst01180691 
651 7 |a Europe.  |2 fast  |0 (OCoLC)fst01245064 
655 7 |a Electronic books.  |2 local 
710 2 |a SpringerLink (Online service) 
776 1 8 |i Print version:  |a Kolvenbach, Walter.  |t Employee councils in European companies.  |d Deventer : Kluwer, 1978  |w (DLC) 78363199  |w (OCoLC)4000848 
856 4 0 |u http://proxy.library.tamu.edu/login?url=https://link.springer.com/10.1007/978-1-4899-6122-8  |z Connect to the full text of this electronic book  |t 0 
994 |a 92  |b TXA 
999 |a MARS 
999 f f |s 9923cccb-ac31-344c-8101-ad6bd85d6957  |i 4d1a84a9-d429-3826-b172-514c2052effa  |t 0 
952 f f |a Texas A&M University  |b College Station  |c Electronic Resources  |s www_evans  |d Available Online  |t 0  |e HD5660.E9 K6  |h Library of Congress classification 
998 f f |a HD5660.E9 K6  |t 0  |l Available Online